000 00990nam a22002897a 4500
001 BR8500471
003 BR-BrBNA
005 20230928092039.0
007 ta
008 230509b bl.||||| |||| 00| 0 por d
040 _aBR-BrBNA
_bpor
_cBiblioteca Nacional de Agricultura
041 _a(Por)
072 _aL30; L50
_b5210
_b3730
090 _ 5210 BR8500471
100 1 _aVieira, H.M.
110 1 _aUniversidade Federal de Vicosa, MG (Brasil)
_0Tese (Magister Scientiae)
245 1 _aDigestao, parcial e total, da proteina em diferentes grupos geneticos de bovideos
246 1 _a[Protein digestion, partial and total, in different genetical groups of bovine]
260 3 _aVicosa, MG (Brasil):
_c1984.
300 _a45 p.
500 _a13 tables; 37 ref.; Summary (Por). (*) Documento disponível na(o) Universidade Federal de Vicosa, MG (Brazil)
650 _aBOVIDEO
650 _aDIGESTAO
650 _aPROTEINA
909 _a202309
_bLucia
_c55
_dLucia Elande
942 _cBK
999 _c36885
_d36885